Sizyfos v našich končinách: slabosť sily, sila slabosti k podobám človečenstva Stanislava Rakúsa

Podrobná bibliografia
Hlavný autor: Činčurová, Xénia, 1967- (Autor)
Médium: Článok
Jazyk:slovenčina
ISSN:0231-6714
Predmet:

MARC

LEADER 00000nab a2200000 a 4500
001 vtls008857024
003 SK-MaSNL
005 20260304140057.0
008 250505c2006 xo mr|p|||||||000 b|slo
015 |a SNBRB2006/10  |2 snkbucl 
035 |a (uuid)c7fc6641-0590-44e3-903e-3602f2296192 
035 |a urn:nbn:sk:snk-abc0v5 
035 |a (urnnbn)urn:nbn:sk:snk:ar-0002am 
038 |a SNKBUCL 
040 |a SNKBUCL  |b slo  |c SNKBUCL  |e AACR2 
041 0 |a slo 
044 |a xo  |c SK 
080 |a 82.033:821.162.4-3  |2 1997 
080 |a 821.162.4-3.033  |2 1997 
100 1 |a Činčurová, Xénia,  |d 1967-  |4 aut  |9 12384 
245 1 0 |a Sizyfos v našich končinách: slabosť sily, sila slabosti  |b k podobám človečenstva Stanislava Rakúsa  |c Xénia Činčurová 
504 |a Bibliogr. odkazy 
600 1 7 |a Rakús, Stanislav,  |d 1940-  |2 SNKMA  |9 102105 
650 0 7 |a prozaická tvorba  |2 SNKPH  |9 457895 
773 0 |t Romboid  |g Roč. XXXXI, č. 7 (2006), s. 44-47  |x 0231-6714 
850 |a Slovenská národná knižnica 
852 |a Slovenská národná knižnica 
958 |a article15 
958 |a OND 
958 |a LX 
958 |a SK 
958 |a NB 
958 |a EUIPO 
999 |c 2913474  |d 2915404